Aperture - Harry Styles - Statistics

General Stats
  • This quiz has been taken 24 times
  • The average score is 179 of 255
Answer Stats
% Correct
I
100%
Aperture
95%
in
95%
In
95%
to
95%
It
91%
it
91%
the
91%
We
91%
don't
86%
know
86%
lets
86%
light
86%
no
86%
you
86%
belong
82%
it's
82%
It's
82%
me
82%
on
82%
together
82%
love
77%
for
73%
go
73%
Go
73%
I'm
73%
my
73%
prisoners
73%
Take
73%
what
73%
finally
68%
only
68%
appears
64%
best
64%
elevating
64%
going
64%
Time
64%
up
64%
clean
59%
Drinks
59%
is
59%
knees
59%
more
59%
Tokyo
59%
you're
59%
and
55%
complicated
55%
from
55%
straight
55%
told
55%
tricks
55%
sleeve
50%
stray
50%
won't
50%
Bad
45%
boys,
45%
called
45%
I've
45%
sold,
45%
wait
45%
with
45%
good
41%
player
41%
review
41%
scenes
41%
ask
36%
codes
36%
forth,
36%
Game
36%
later
36%
questions
36%
these
36%
toying
36%
Dance
32%
receive
32%
safe
32%
spaces
32%
state
32%
wanna
32%
another
27%
cadence
27%
halls,
27%
doors,
23%
Trap
23%
togethеr
0%
No matching quizzes found
Score Distribution
Percent of People with Each Score
Percentile by Number Answered
Your Score History
You have not taken this quiz